<?xml version="1.0" encoding="UTF-8"?>
<record
    xmlns:xsi="http://www.w3.org/2001/XMLSchema-instance"
    xsi:schemaLocation="http://www.loc.gov/MARC21/slim http://www.loc.gov/standards/marcxml/schema/MARC21slim.xsd"
    xmlns="http://www.loc.gov/MARC21/slim">

  <leader>00742nam a22001937a 4500</leader>
  <datafield tag="999" ind1=" " ind2=" ">
    <subfield code="c">57925</subfield>
    <subfield code="d">57925</subfield>
  </datafield>
  <controlfield tag="005">20210407152013.0</controlfield>
  <controlfield tag="008">210331s2013    gw ||||| |||| 00| 0 goh d</controlfield>
  <datafield tag="020" ind1=" " ind2=" ">
    <subfield code="a">9783642298684</subfield>
  </datafield>
  <datafield tag="041" ind1=" " ind2=" ">
    <subfield code="a">goh</subfield>
  </datafield>
  <datafield tag="080" ind1=" " ind2=" ">
    <subfield code="a">617.75+376.2 M-29</subfield>
  </datafield>
  <datafield tag="100" ind1=" " ind2=" ">
    <subfield code="a">Maritzen , Astrid </subfield>
    <subfield code="9">10972</subfield>
  </datafield>
  <datafield tag="245" ind1=" " ind2=" ">
    <subfield code="a">Rehabilitation bei Sehbehinderung und Blindheit /</subfield>
    <subfield code="c"> Astrid Maritzen, Norbert Kamps.</subfield>
  </datafield>
  <datafield tag="264" ind1=" " ind2=" ">
    <subfield code="a">Heidelberg :</subfield>
    <subfield code="b">Springer,</subfield>
    <subfield code="c">2013.</subfield>
  </datafield>
  <datafield tag="300" ind1=" " ind2=" ">
    <subfield code="a">244 p.</subfield>
    <subfield code="b">25 cm.</subfield>
  </datafield>
  <datafield tag="653" ind1=" " ind2=" ">
    <subfield code="a">&#x10E0;&#x10D4;&#x10D0;&#x10D1;&#x10D8;&#x10DA;&#x10D8;&#x10E2;&#x10D0;&#x10EA;&#x10D8;&#x10D0; &#x10DB;&#x10EE;&#x10D4;&#x10D3;&#x10D5;&#x10D4;&#x10DA;&#x10DD;&#x10D1;&#x10D0; &#x10D3;&#x10D0;&#x10E5;&#x10D5;&#x10D4;&#x10D8;&#x10D7;&#x10D4;&#x10D1;&#x10E3;&#x10DA;&#x10D8; &#x10D3;&#x10D0; &#x10E1;&#x10D8;&#x10D1;&#x10E0;&#x10DB;&#x10D0;&#x10D5;&#x10D4;&#x10D4;&#x10D1;&#x10D8;&#x10E1;&#x10D7;&#x10D5;&#x10D8;&#x10E1;</subfield>
  </datafield>
  <datafield tag="653" ind1=" " ind2=" ">
    <subfield code="a">&#x10DB;&#x10D4;&#x10D3;&#x10D8;&#x10EA;&#x10D8;&#x10DC;&#x10D0;</subfield>
  </datafield>
  <datafield tag="700" ind1=" " ind2=" ">
    <subfield code="a">Kamps, Norbert </subfield>
    <subfield code="e">&#x10D0;&#x10D5;&#x10E2;&#x10DD;&#x10E0;&#x10D8;</subfield>
    <subfield code="9">10973</subfield>
  </datafield>
  <datafield tag="942" ind1=" " ind2=" ">
    <subfield code="2">udc</subfield>
    <subfield code="c">BK</subfield>
  </datafield>
  <datafield tag="952" ind1=" " ind2=" ">
    <subfield code="0">0</subfield>
    <subfield code="1">0</subfield>
    <subfield code="2">udc</subfield>
    <subfield code="4">0</subfield>
    <subfield code="6">617753762_M29</subfield>
    <subfield code="7">0</subfield>
    <subfield code="9">90034</subfield>
    <subfield code="a">CPL</subfield>
    <subfield code="b">CPL</subfield>
    <subfield code="c">GEN</subfield>
    <subfield code="d">2021-03-31</subfield>
    <subfield code="g">277.00</subfield>
    <subfield code="o">617.75+376.2 M-29</subfield>
    <subfield code="p">61282</subfield>
    <subfield code="r">2021-03-31</subfield>
    <subfield code="t">61282</subfield>
    <subfield code="w">2021-03-31</subfield>
    <subfield code="y">BK</subfield>
    <subfield code="z">277 &#x10DA;.</subfield>
  </datafield>
</record>
